000 00574nmm a2200193Ia 4500
008 251105s9999||||xx |||||||||||||||||und||
020 _a9789681666026
041 _aspa
100 _aCereijido, Marcelino
245 0 _aLa vida, el tiempo y  la muerte
264 _a[México D.C., Mexico] :
_bFondo de Cultura Económica,
_c2011
300 _a202 páginas
490 _aLa Ciencia para Todos
650 _aSciences
700 _aCereijido, Marcelino
700 1 _a Blanck-Cereijido, Fanny
856 _uhttps://public.digitaliapublishing.com/a/64701
942 _cCF
999 _c63884
_d63884